| 000 | 00764nam a22002175i 4500 | ||
|---|---|---|---|
| 001 | 177516 | ||
| 003 | ES-MaACL | ||
| 005 | 20250806013244.0 | ||
| 008 | 110330s1962 sp |||| | spa d | ||
| 080 | _a616-039.74:616-071 | ||
| 100 | 1 |
_aRodríguez y Rodríguez, Antonio. _998873 |
|
| 245 | 1 | 0 |
_aDiagnósticos médicos de urgencia / _cpor Antonio Rodríguez y Rodríguez. |
| 260 |
_aMadrid : _bMontecorvo, _c1962. |
||
| 300 |
_a147, [4] p. ; _c24 cm. |
||
| 490 | 1 |
_aMonografías. Colección de estudios médicos ; _v1 |
|
| 650 | 7 |
_aMedicina de urgencia _2embne _9136479 |
|
| 650 | 0 | 4 |
_aDiagnóstico. _911851 |
| 830 | 0 |
_aMonografías. Colección de estudios médicos ; _v1 _9190473 |
|
| 852 |
_aES-MaACL _jE-14727 _xOlim P-201-Ter |
||
| 999 |
_c177516 _d177516 |
||